<?xml version="1.0" encoding="UTF-8"?>
<record
    xmlns:xsi="http://www.w3.org/2001/XMLSchema-instance"
    xsi:schemaLocation="http://www.loc.gov/MARC21/slim http://www.loc.gov/standards/marcxml/schema/MARC21slim.xsd"
    xmlns="http://www.loc.gov/MARC21/slim">

  <leader>     nam a22     7a 4500</leader>
  <datafield tag="999" ind1=" " ind2=" ">
    <subfield code="c">52496</subfield>
    <subfield code="d">52496</subfield>
  </datafield>
  <controlfield tag="003">OSt</controlfield>
  <controlfield tag="005">20220623142946.0</controlfield>
  <controlfield tag="008">220623b        xxu||||| |||| 00| 0 eng d</controlfield>
  <datafield tag="040" ind1=" " ind2=" ">
    <subfield code="c">IIMT UNIVERSITY MEERUT</subfield>
  </datafield>
  <datafield tag="100" ind1=" " ind2=" ">
    <subfield code="a">BYADGI , P.S</subfield>
  </datafield>
  <datafield tag="245" ind1=" " ind2=" ">
    <subfield code="a">A TEXT BOOK OF KAYA CIKITSA VOL-1</subfield>
  </datafield>
  <datafield tag="250" ind1=" " ind2=" ">
    <subfield code="a">1 ST</subfield>
  </datafield>
  <datafield tag="260" ind1=" " ind2=" ">
    <subfield code="a">VARANASI</subfield>
    <subfield code="b">CHAUKHAMBA</subfield>
    <subfield code="c">2022</subfield>
  </datafield>
  <datafield tag="300" ind1=" " ind2=" ">
    <subfield code="a">623</subfield>
  </datafield>
  <datafield tag="942" ind1=" " ind2=" ">
    <subfield code="2">ddc</subfield>
    <subfield code="c">01</subfield>
  </datafield>
  <datafield tag="952" ind1=" " ind2=" ">
    <subfield code="0">0</subfield>
    <subfield code="1">0</subfield>
    <subfield code="2">ddc</subfield>
    <subfield code="4">0</subfield>
    <subfield code="7">0</subfield>
    <subfield code="a">30</subfield>
    <subfield code="b">30</subfield>
    <subfield code="d">2022-06-08</subfield>
    <subfield code="e">ARISTA</subfield>
    <subfield code="f">AYURVEDA</subfield>
    <subfield code="g">425.00</subfield>
    <subfield code="i">HO/IN/43</subfield>
    <subfield code="l">1</subfield>
    <subfield code="o">612..5 BYA</subfield>
    <subfield code="p">30-B-4302</subfield>
    <subfield code="r">2022-06-24</subfield>
    <subfield code="s">2022-06-24</subfield>
    <subfield code="w">2022-06-23</subfield>
    <subfield code="y">01</subfield>
  </datafield>
  <datafield tag="952" ind1=" " ind2=" ">
    <subfield code="0">0</subfield>
    <subfield code="1">0</subfield>
    <subfield code="2">ddc</subfield>
    <subfield code="4">0</subfield>
    <subfield code="7">0</subfield>
    <subfield code="a">30</subfield>
    <subfield code="b">30</subfield>
    <subfield code="d">2022-06-08</subfield>
    <subfield code="e">ARISTA</subfield>
    <subfield code="f">AYURVEDA</subfield>
    <subfield code="g">425.00</subfield>
    <subfield code="i">HO/IN/43</subfield>
    <subfield code="l">0</subfield>
    <subfield code="o">612..5 BYA</subfield>
    <subfield code="p">30-B-4303</subfield>
    <subfield code="r">2022-06-23</subfield>
    <subfield code="w">2022-06-23</subfield>
    <subfield code="y">01</subfield>
  </datafield>
  <datafield tag="952" ind1=" " ind2=" ">
    <subfield code="0">0</subfield>
    <subfield code="1">0</subfield>
    <subfield code="2">ddc</subfield>
    <subfield code="4">0</subfield>
    <subfield code="7">0</subfield>
    <subfield code="a">30</subfield>
    <subfield code="b">30</subfield>
    <subfield code="d">2022-06-08</subfield>
    <subfield code="e">ARISTA</subfield>
    <subfield code="f">AYURVEDA</subfield>
    <subfield code="g">425.00</subfield>
    <subfield code="i">HO/IN/43</subfield>
    <subfield code="l">0</subfield>
    <subfield code="o">612..5 BYA</subfield>
    <subfield code="p">30-B-4304</subfield>
    <subfield code="r">2022-06-23</subfield>
    <subfield code="w">2022-06-23</subfield>
    <subfield code="y">01</subfield>
  </datafield>
  <datafield tag="952" ind1=" " ind2=" ">
    <subfield code="0">0</subfield>
    <subfield code="1">0</subfield>
    <subfield code="2">ddc</subfield>
    <subfield code="4">0</subfield>
    <subfield code="7">0</subfield>
    <subfield code="a">30</subfield>
    <subfield code="b">30</subfield>
    <subfield code="d">2022-06-08</subfield>
    <subfield code="e">ARISTA</subfield>
    <subfield code="f">AYURVEDA</subfield>
    <subfield code="g">425.00</subfield>
    <subfield code="i">HO/IN/43</subfield>
    <subfield code="l">0</subfield>
    <subfield code="o">612..5 BYA</subfield>
    <subfield code="p">30-B-4305</subfield>
    <subfield code="r">2022-06-23</subfield>
    <subfield code="w">2022-06-23</subfield>
    <subfield code="y">01</subfield>
  </datafield>
  <datafield tag="952" ind1=" " ind2=" ">
    <subfield code="0">0</subfield>
    <subfield code="1">0</subfield>
    <subfield code="2">ddc</subfield>
    <subfield code="4">0</subfield>
    <subfield code="7">0</subfield>
    <subfield code="a">30</subfield>
    <subfield code="b">30</subfield>
    <subfield code="d">2022-06-08</subfield>
    <subfield code="e">ARISTA</subfield>
    <subfield code="f">AYURVEDA</subfield>
    <subfield code="g">425.00</subfield>
    <subfield code="i">HO/IN/43</subfield>
    <subfield code="l">0</subfield>
    <subfield code="o">612..5 BYA</subfield>
    <subfield code="p">30-B-4306</subfield>
    <subfield code="r">2022-06-23</subfield>
    <subfield code="w">2022-06-23</subfield>
    <subfield code="y">01</subfield>
  </datafield>
  <datafield tag="952" ind1=" " ind2=" ">
    <subfield code="0">0</subfield>
    <subfield code="1">0</subfield>
    <subfield code="2">ddc</subfield>
    <subfield code="4">0</subfield>
    <subfield code="7">0</subfield>
    <subfield code="a">30</subfield>
    <subfield code="b">30</subfield>
    <subfield code="d">2022-06-08</subfield>
    <subfield code="e">ARISTA</subfield>
    <subfield code="f">AYURVEDA</subfield>
    <subfield code="g">425.00</subfield>
    <subfield code="i">HO/IN/43</subfield>
    <subfield code="l">0</subfield>
    <subfield code="o">612..5 BYA</subfield>
    <subfield code="p">30-B-4307</subfield>
    <subfield code="r">2022-06-23</subfield>
    <subfield code="w">2022-06-23</subfield>
    <subfield code="y">01</subfield>
  </datafield>
  <datafield tag="952" ind1=" " ind2=" ">
    <subfield code="0">0</subfield>
    <subfield code="1">0</subfield>
    <subfield code="2">ddc</subfield>
    <subfield code="4">0</subfield>
    <subfield code="7">0</subfield>
    <subfield code="a">30</subfield>
    <subfield code="b">30</subfield>
    <subfield code="d">2022-06-08</subfield>
    <subfield code="e">ARISTA</subfield>
    <subfield code="f">AYURVEDA</subfield>
    <subfield code="g">425.00</subfield>
    <subfield code="i">HO/IN/43</subfield>
    <subfield code="l">0</subfield>
    <subfield code="o">612..5 BYA</subfield>
    <subfield code="p">30-B-4308</subfield>
    <subfield code="r">2022-06-23</subfield>
    <subfield code="w">2022-06-23</subfield>
    <subfield code="y">01</subfield>
  </datafield>
  <datafield tag="952" ind1=" " ind2=" ">
    <subfield code="0">0</subfield>
    <subfield code="1">0</subfield>
    <subfield code="2">ddc</subfield>
    <subfield code="4">0</subfield>
    <subfield code="7">0</subfield>
    <subfield code="a">30</subfield>
    <subfield code="b">30</subfield>
    <subfield code="d">2022-06-08</subfield>
    <subfield code="e">ARISTA</subfield>
    <subfield code="f">AYURVEDA</subfield>
    <subfield code="g">425.00</subfield>
    <subfield code="i">HO/IN/43</subfield>
    <subfield code="l">0</subfield>
    <subfield code="o">612..5 BYA</subfield>
    <subfield code="p">30-B-4309</subfield>
    <subfield code="r">2022-06-23</subfield>
    <subfield code="w">2022-06-23</subfield>
    <subfield code="y">01</subfield>
  </datafield>
  <datafield tag="952" ind1=" " ind2=" ">
    <subfield code="0">0</subfield>
    <subfield code="1">0</subfield>
    <subfield code="2">ddc</subfield>
    <subfield code="4">0</subfield>
    <subfield code="7">0</subfield>
    <subfield code="a">30</subfield>
    <subfield code="b">30</subfield>
    <subfield code="d">2022-06-08</subfield>
    <subfield code="e">ARISTA</subfield>
    <subfield code="f">AYURVEDA</subfield>
    <subfield code="g">425.00</subfield>
    <subfield code="i">HO/IN/43</subfield>
    <subfield code="l">1</subfield>
    <subfield code="o">612..5 BYA</subfield>
    <subfield code="p">30-B-4310</subfield>
    <subfield code="r">2025-07-08</subfield>
    <subfield code="s">2025-07-07</subfield>
    <subfield code="w">2022-06-23</subfield>
    <subfield code="y">01</subfield>
  </datafield>
  <datafield tag="952" ind1=" " ind2=" ">
    <subfield code="0">0</subfield>
    <subfield code="1">0</subfield>
    <subfield code="2">ddc</subfield>
    <subfield code="4">0</subfield>
    <subfield code="7">0</subfield>
    <subfield code="a">30</subfield>
    <subfield code="b">30</subfield>
    <subfield code="d">2022-06-08</subfield>
    <subfield code="e">ARISTA</subfield>
    <subfield code="f">AYURVEDA</subfield>
    <subfield code="g">425.00</subfield>
    <subfield code="i">HO/IN/43</subfield>
    <subfield code="l">0</subfield>
    <subfield code="o">612..5 BYA</subfield>
    <subfield code="p">30-B-4311</subfield>
    <subfield code="r">2022-06-23</subfield>
    <subfield code="w">2022-06-23</subfield>
    <subfield code="y">01</subfield>
  </datafield>
</record>
